Countries with a Z in the name by flag - Statistics

General Stats
  • This quiz has been taken 35 times
  • The average score is 15 of 16
Answer Stats
Picture Answer % Correct
Switzerland
100%
Uzbekistan
100%
Brazil
97%
New Zealand
97%
Zimbabwe
97%
Azerbaijan
94%
Czech Republic
94%
Venezuela
94%
Kazakhstan
91%
Zambia
91%
Belize
88%
Kyrgyzstan
88%
Tanzania
88%
Bosnia and Herzegovina
82%
Mozambique
82%
Eswatini
76%
No matching quizzes found
Score Distribution
Percent of People with Each Score
Percentile by Number Answered
Your Score History
You have not taken this quiz